002410000a2200061000450024500930000030000570009377300290015010aGrowth at the grass roots : What can we learn from Latin America's "homegrown" churches? aVol. 76, Num. 1 (Enero-Marzo, 1996), Páginas 12-140 tLatin America Evangelist